Introduction to operations research concepts and cases (Record no. 139338)

000 -LEADER
fixed length control field 00330nmm a2200109Ia 4500
008 - FIXED-LENGTH DATA ELEMENTS--GENERAL INFORMATION
fixed length control field 220120s9999||||xx |||||||||||||||||und||
020 ## - INTERNATIONAL STANDARD BOOK NUMBER
International Standard Book Number 1-7722-053-5
082 ## - DEWEY DECIMAL CLASSIFICATION NUMBER
Classification number 003 HIL
100 ## - MAIN ENTRY--PERSONAL NAME
Personal name Hillier, Frederick, S. and Lieberman, Gerald, J
245 #0 - TITLE STATEMENT
Title Introduction to operations research concepts and cases
260 ## - PUBLICATION, DISTRIBUTION, ETC.
Name of publisher, distributor, etc. New Delhi
Date of publication, distribution, etc. 2009
Holdings
Withdrawn status Lost status Damaged status Not for loan Home library Current library Date acquired Barcode Date last seen Price effective from Koha item type
        Central Library Central Library 01/20/2022 CD889 01/20/2022 01/20/2022 Compact Disc

Powered by Koha